HTML 4 for dummies

Salvato in:
Dettagli Bibliografici
Autore principale: Tittel, Ed
Natura: Libro
Lingua:Undetermined
Pubblicazione: New jersey Wiley 2005
Soggetti:
Tags: Aggiungi Tag
Nessun Tag, puoi essere il primo ad aggiungerne! !
Thư viện lưu trữ: Trung tâm Học liệu Trường Đại học Cần Thơ
LEADER 00504nam a2200193Ia 4500
001 CTU_88452
008 210402s9999 xx 000 0 und d
020 |c 399000 
082 |a 006.7 
082 |b T622 
100 |a Tittel, Ed 
245 0 |a HTML 4 for dummies 
245 0 |c Ed Tittel, Mary C. Burmeister 
260 |a New jersey 
260 |b Wiley 
260 |c 2005 
650 |a HTML (document markup language) 
904 |i Giang,Hải 
980 |a Trung tâm Học liệu Trường Đại học Cần Thơ